000 00895cam a2200253Ii 4500
008
020 _a9783856763244 (hbk.)
049 _aMAIN
090 _aNA1053.P68
_bTHE
245 1 4 _aThe stones of Fernand Pouillon :
_ban alternative modernism in French architecture /
_cedited by Adam Caruso and Helen Thomas.
260 _aZurich :
_bGTA Verlag,
_c[2013].
300 _a191 p. :
_bill. (some col.), facsimiles, plans ;
_c33 cm.
500 _aIncludes index.
504 _aIncludes bibliographical references.
600 1 0 _aPouillon, Fernand
_xCriticism and interpretation.
650 0 _aModern movement (Architecture)
_zFrance.
655 7 _aCriticism, interpretation, etc.
700 1 _aThomas, Helen.
907 _a.b10368607
_b15-02-16
_c09-02-16
003
005 20230120131038.0
040 _cNUST
942 _cBOOKS
_kNA1053.P68
_mTHE
999 _c95871
_d95871